000 00261nam a2200109Ia 4500
008 200302s9999 xx 000 0 und d
100 _aLi chunmei
245 _aSports Architecture
260 _bDesign Media Publishing (UK) Ltd.,
260 _c2010
300 _a287
999 _c6221
_d6221